| 000 | 02306cam a22004814i 4500 | ||
|---|---|---|---|
| 003 | PE-LiUPU | ||
| 005 | 20250731172936.0 | ||
| 008 | 150623s r 000 0 d | ||
| 020 | _a0802838030 | ||
| 035 | _a(Sirsi) i9780802838032 | ||
| 040 |
_aPE-LiUPU _bspa _cPE-LiUPU _erda |
||
| 049 | _aPRUA | ||
| 082 | 0 | 4 |
_a230 _bP61 _221 |
| 245 | 0 | 0 |
_aProblems in biblical theology : _bessays in honor of Rolf Knierim / _cEditado por Henry T. C. Sun y Keith L. Eades. |
| 264 | 1 |
_aMichigan : _bWilliam B. Eerdmans Publishing Company, _c1997. |
|
| 300 |
_a403 páginas ; _c24 centímetros |
||
| 336 |
_atext _2rdacontent |
||
| 337 |
_aunmediated _2rdamedia |
||
| 338 |
_avolume _2rdacarrier |
||
| 504 | _aBibliografía al pie de páginas. | ||
| 505 | 0 | _aWay stations. -Approaches to old testament theology. -Die erfahrung hiobs. "Konnektive" und "distributive" Gerechtigkeit nach dem hiob-buch. -Stories of Adam end eve. -The Qumran scrolls and old testament theology. -Structure analysis and the art of exegesis. -Festival ideology in chronicles. -Der befreiende Gott: Zum standort lateinamerikanischer theologie. -Sin, purification, and group process. -Ganzheitsdenken in the book of Ruth. -The language of prophecy: thoughts on the macrosyntax of the debar YHWH and its semantic implications in the deuteronomistic history. -Letting rival Gods be rivals: bibliucal theology in a postmodern age. -Yahweh's compassion and ecotheology. -Israel and the nations in Isaiah 40-55. | |
| 526 | _aSEG42 | ||
| 526 | _aSEG41 | ||
| 526 | _aSEG40 | ||
| 526 | _aSEG39 | ||
| 526 | _aP94 | ||
| 526 | _aP87 | ||
| 526 | _aP86 | ||
| 526 | _aP85 | ||
| 526 | _aP77 | ||
| 526 | _aP76 | ||
| 526 | _aP35 | ||
| 630 |
_aBiblia. _pA.T. _xCrítica, interpretación, etc. |
||
| 630 |
_aBiblia. _pA.T. _xTEOLOGIA. |
||
| 700 | 1 |
_aEades, Keith L., _eed. |
|
| 700 | 1 |
_aSun, Henry T.C., _eed. |
|
| 942 |
_2ddc _cBOOK |
||
| 949 |
_a230 P61 _wDEWEY _c1 _i44395 _lCCODEBUL1 _mBUL _r0 _sY _tBOOK _u2015-6-24 _xTEOLOGIA _PP35 _0COMPRA _o.STAFF. Colección General |
||
| 994 |
_aC0 _bPEPRU |
||
| 596 | _a1 | ||
| 999 |
_a230 P61 _wDEWEY _c21276 _i44395 _f2021-11-9 _g5 _lCCODEBUL1 _mBUL _r0 _sY _tBOOK _u2015-6-24 _xTEOLOGIA _PP35 _0COMPRA _o.STAFF. Colección General _d21276 |
||
| 980 |
_81 _gALBERTO SANCHEZ Responsable de Automatización |
||